Statistiques concernant Pokemon avec plusieurs formes

Cliquez ici pour prendre le quiz!

Statistiques générales

  • Ce quiz a été pris 34 fois
  • Le résultat moyen est 51 sur 203

Statistiques - réponses

Nombre de formesPokemon% Correct
4Dracaufeu
80%
4 294 967 296Spinda
73%
3Mewtwo
67%
2Raichu
67%
2Sabelette
67%
2Sablaireau
67%
2Feunard
60%
3Florizarre
60%
2Goupix
60%
4Miaouss
60%
16Pikachu
60%
3Tortank
60%
28Zarbi
60%
18Arceus
53%
2Brasegali
53%
2Laggron
53%
2Persian
53%
2Rattata
53%
2Rattatac
53%
2Caninos
47%
3Ectoplasma
47%
2Galopa
47%
2Gravalanch
47%
2Grolem
47%
2Jungko
47%
2Ponyta
47%
2Racaillou
47%
2Altaria
40%
2Arcanin
40%
2Dardargnan
40%
2Dialga
40%
2Electrode
40%
2Farfuret
40%
2Leviator
40%
4Morpheo
40%
2Papilusion
40%
2Roucarnage
40%
2Smogogo
40%
2Taupiqueur
40%
2Triopikeur
40%
2Voltorb
40%
2Alakazam
33%
2Artikodin
33%
3Bargantua
33%
2Demolosse
33%
2Diancie
33%
2Drattak
33%
2Giratina
33%
2Grotadmorv
33%
2Groudon
33%
2Krabboss
33%
2Kyogre
33%
2Limonde
33%
2Lineon
33%
2Lucario
33%
8Meteno
33%
2Nanmeouie
33%
2Palkia
33%
2Pichu
33%
18Silvallie
33%
2Sulfura
33%
2Tadmorv
33%
4Tauros
33%
2Tenefix
33%
2Tutafeh
33%
2Zigzaton
33%
3Zygarde
33%
2Boreas
27%
2Cizayox
27%
2Corayon
27%
2Demeteros
27%
4Deoxys
27%
2Electhor
27%
3Evoli
27%
2Exagide
27%
3Flagadoss
27%
2Fragilady
27%
2Fulguris
27%
2Galeking
27%
2Hoopa
27%
2Keldeo
27%
5Kyurem
27%
2Latias
27%
2Latios
27%
2Mackogneur
27%
2Meloetta
27%
2Metallosse
27%
2M. Mime
27%
4Necrozma
27%
2Noadkoko
27%
2Ossatueur
27%
2Pachyradjah
27%
20Prismillon
27%
2Qwilfish
27%
2Rayquaza
27%
2Sharpedo
27%
4Shifours
27%
2Steelix
27%
2Zoroark
27%
2Zorua
27%
2Absol
20%
2Amovenus
20%
2Amphinobi
20%
2Archeduc
20%
2Camerupt
20%
2Canarticho
20%
2Carchacrok
20%
3Cheniselle
20%
3Cheniti
20%
4Darumacho
20%
2Darumarond
20%
2Elecsprint
20%
2Gallame
20%
2Gardevoir
20%
5Genesect
20%
2Kangourex
20%
2Magearna
20%
2Miasmax
20%
2Monthracite
20%
2Morpeko
20%
2Mysdibule
20%
3Nigosier
20%
2Pharamp
20%
4Plumeline
20%
2Ptera
20%
2Reshiram
20%
2Ronflex
20%
3Salarsen
20%
2Scarabrute
20%
2Typhlosion
20%
2Tyranocif
20%
2Xerneas
20%
2Zekrom
20%
2Axoloto
13%
2Bekaglacon
13%
2Blizzaroi
13%
2Branette
13%
64Charmilly
13%
2Charmina
13%
2Clamiral
13%
10Couafarel
13%
2Deusolourdo
13%
2Dratatin
13%
2Froussardine
13%
2Gueriaigle
13%
4Haydaim
13%
2Lezargus
13%
2Lokhlass
13%
2Lunala
13%
2Marshadow
13%
2Mimiqui
13%
6Motisma
13%
4Ogerpon
13%
2Oniglali
13%
4Pitrouille
13%
2Poltchageist
13%
2Ramoloss
13%
2Roigada
13%
2Scarhino
13%
2Scolocendre
13%
2Seracrawl
13%
2Shaymin
13%
2Solgaleo
13%
2Superdofin
13%
3Sylveroy
13%
2Torgamord
13%
2Tritosor
13%
4Vivaldaim
13%
2Angoliath
7%
2Astronelle
7%
4Banshitrouye
7%
2Ceriflor
7%
2Colimucus
7%
2Corvaillus
7%
2Duralugon
7%
2Ethernatos
7%
2Gorythmic
7%
4Koraidon
7%
2Lockpin
7%
3Lougaroc
7%
4Miraidon
7%
2Muplodocus
7%
2Polthegeist
7%
2Pomdrapi
7%
2Sancoki
7%
2Sorcilence
7%
2Theffroi
7%
2Theffroyable
7%
2Ursaking
7%
2Zacian
7%
2Zamazenta
7%
2Dunaconda
0%
2Famignol
0%
5Flabebe
0%
5 (6)Floette
0%
5Florges
0%
2Melmetal
0%
2Mordudor
0%
3Nigirigon
0%
2Pirobut
0%
4Tapatoes
0%
6Vrombotor
0%
2Zarude
0%

Distribution des résultats

Percentile par nombre de réponses

% des personnes avec chaque résultat

Votre développement - résultats

Vous n’avez pas pris ce quiz